000 00522nam a2200181Ia 4500
008 100921s9999 xx 000 0 und d
082 _b8874
_a820 0
100 _aHuxley Julian.
245 _aThe Stream Of Life.
260 _bवॅटस्र अँड कंपनी,लंडन.
_c0
300 _a56
_b---
365 _b0
520 _aललित इंग्रजी.
630 _aThe Stream Of Life.
650 _aललित इंग्रजी.
730 _aThe Stream Of Life.
942 _cBOOK
999 _c757987
_d757984